000 00306nam a22001337a 4500
020 _a978-0-141-32629-0
082 _a823
_bDAH/E
100 _aROALD DAHL
245 _aESIO TROT
260 _aUNITED KINGDOM
_bPUFFIN BOOKS
_c1991
300 _a57
650 _aCHILDREN'S STORY BOOK
_zUNITED KINGDOM
942 _cBK
999 _c43
_d43